01270cam a2200325 a 45000010009000000050017000090080041000260100017000670200018000840200015001020400018001170430012001350500027001471000034001742450089002082500030002972600037003273000024003644900021003886500019004096500022004286500024004506500033004746500036005076510031005438560081005748560092006558560091007478560106008381503799020141120094523.0071009r20071867nyu b 000 1 eng  a 2007280886 a9781416534754 a141653475X aDLCcDLCdDLC ae-uk-en00aPR 4567.A1b.D548 20101 aDickens, Charles,d1812-1870.10aOliver Twist /cCharles Dickens ; supplementary materials written by Kathleen Helal. a1st Pocket Books pbk. ed. aNew York :bPocket Books,c2010. a648 pages :c17 cm.0 aEnriched classic 0aBoysvFiction. 0aOrphansvFiction. 0aCriminalsvFiction. 0aKidnapping victimsvFiction. 0aIdentity (Psychology)vFiction. 0aLondon (England)vFiction.413Sample textuhttp://www.loc.gov/catdir/enhancements/fy0804/2007280886-s.html413Table of contents onlyuhttp://www.loc.gov/catdir/enhancements/fy0804/2007280886-t.html423Publisher descriptionuhttp://www.loc.gov/catdir/enhancements/fy0804/2007280886-d.html423Contributor biographical informationuhttp://www.loc.gov/catdir/enhancements/fy0906/2007280886-b.html